Państwa które wygrały Euro - Statystyki

Ogólne statystyki
  • Ten quiz został rozwiązany 67 razy
  • Średni wynik to 10 z 17
Statystyki odpowiedzi
Rok Gospodarze Państwa % Poprawnych
2024 Niemcy Hiszpania
91%
2016 Francja Portugalia
81%
2020 Nie było jednego gospodarza Włochy
79%
2004 Portugalia Grecja
74%
2012 Polska i Ukraina Hiszpania
67%
2000 Belgia i Holandia Francja
64%
2008 Austria i Szwajcaria Hiszpania
64%
1960 Francja Rosja
57%
1964 Hiszpania Hiszpania
55%
1996 Anglia Niemcy
53%
1968 Włochy Włochy
52%
1992 Szwecja Dania
50%
1972 Belgia Niemcy
50%
1984 Francja Francja
47%
1988 Niemcy Holandia
43%
1980 Włochy Niemcy
38%
1976 Jugosławia Czechy
36%
Nie znaleziono quizów pasujących do podanych kryteriów
Rozkład punktacji
Procent ludzi z każdym wynikiem
Percentyl według liczby udzielonych odpowiedzi
Twoja historia wyników
Nie rozwiązałeś tego quizu